00881nam a22002177a 450000500170000001000150001702000260003203500140005803700140007208200150008610000320010124500790013325000060021226000980021827000730031630000230038950000710041294200290048399900190051295201320053120250502143401.0 aENG-141519 a9789354092138c310.00 aEN-125051 bDBADadpl a781.63021 aRane,Kasturi Paigude980998 aPandit Bhimsen Joshi Celebrating his Centenary /cBy Kasturi Paigude Rane  a1 aNew DelhibPublication Division Ministry of Information and Broadcasting Govt. of Indiac2021 aSoochana Bhawan CGO Complex, lodhi Road New DelhibNew Delhie110003 a158 p.:c25 cm(pb) a(A journey of relentless riyaaz, devotion and pathbreaking music)  2ddccENh781.630mRANe1 c205373d205373 001040708NFICaBL1bBL1d2024-08-28eDBADg310.00l0o781.630 RANpEN-125051r2024-08-28 00:00:00t1v310.00w2024-08-28yEN